| 000 -CABECERA |
| Campo de control de longitud fija |
00797nam a22002297a 4500 |
| 005 - FECHA Y HORA DE LA ÚLTIMA TRANSACCIÓN |
| Campo de control |
20231031135411.0 |
| 008 - CAMPO FIJO DE DESCRIPCIÓN FIJA--INFORMACIÓN GENERAL |
| Campo de control de longitud fija |
231031b ||||| |||| 00| 0 eng d |
| 020 ## - ISBN (INTERNATIONAL STANDARD BOOK NUMBER) |
| ISBN |
9788419734044 |
| 040 ## - FUENTE DE CATALOGACIÓN |
| Agencia de catalogación original |
CDMR |
| 100 1# - ENCABEZAMIENTO PRINCIPAL--NOMBRE PERSONAL |
| 9 (RLIN) |
827 |
| Nombre de persona |
Pla, Josep |
| Fechas asociadas con el nombre |
1897-1981 |
| 245 ## - MENCIÓN DE TÍTULO |
| Título |
La inflació alemanya |
| Parte restante del título |
: cròniques a La Publicitat (agost 1923 - març 1924) |
| Mención de responsabilidad, etc. |
/ Josep Pla ; selecció i edició de Xavier Pla ; pròleg de Josep M. Fradera |
| 260 ## - PUBLICACIÓN, DISTRIBUCIÓN, ETC (PIE DE IMPRENTA) |
| Lugar de publicación, distribución, etc. |
Barcelona : |
| Nombre del editor, distribuidor, etc. |
Destino, |
| Fecha de publicación, distribución, etc. |
2023 |
| 300 ## - DESCRIPCIÓN FÍSICA |
| Extensión |
340 p. |
| 490 ## - MENCIÓN DE SERIE |
| Mención de serie |
L'Àncora |
| Número de volumen/designación secuencial |
; 286 |
| 600 10 - ASIENTO SECUNDARIO DE MATERIA--NOMBRE PERSONAL |
| 9 (RLIN) |
827 |
| Nombre de persona |
Pla, Josep |
| Fechas asociadas al nombre |
(1897-1981) |
| 630 #0 - ASIENTO SECUNDARIO DE MATERIA--TÍTULO UNIFORME |
| 9 (RLIN) |
4903 |
| Título Uniforme |
La Publicitat (Diari) |
| 650 #0 - ASIENTO SECUNDARIO DE MATERIA--TÉRMINO DE MATERIA |
| 9 (RLIN) |
3172 |
| Nombre de materia o nombre geográfico como elemento de entrada |
Periodisme |
| Subdivisión geográfica |
Catalunya |
| Subdivisión cronológica |
1923-1924 |
| 650 #0 - ASIENTO SECUNDARIO DE MATERIA--TÉRMINO DE MATERIA |
| 9 (RLIN) |
4 |
| Nombre de materia o nombre geográfico como elemento de entrada |
Periodistes catalans |
| Subdivisión cronológica |
S. XX |
| 700 1# - ENCABEZAMIENTO SECUNDARIO--NOMBRE PERSONAL |
| 9 (RLIN) |
3655 |
| Nombre de persona |
Pla, Xavier |
| 700 ## - ENCABEZAMIENTO SECUNDARIO--NOMBRE PERSONAL |
| 9 (RLIN) |
4902 |
| Nombre de persona |
Fradera, Josep M. |
| 942 ## - ELEMENTOS KOHA |
| Fuente de clasificación o esquema de ordenación en estanterías |
|
| Koha tipo de item |
Monografies |